Welcome to the Holygrace Academy Library

Please use search bar below to get started

THE SADDLE CLUB (Record no. 1871)

MARC details
000 -LEADER
fixed length control field 00364nam a22001577a 4500
020 ## - INTERNATIONAL STANDARD BOOK NUMBER
ISBN 0-553-40599-3
082 ## - DEWEY DECIMAL CLASSIFICATION NUMBER
Classification number 823
Item number BRY/S
100 ## - MAIN ENTRY--AUTHOR NAME
Personal name BRYANT, BONNIE
245 ## - TITLE STATEMENT
Title THE SADDLE CLUB
Remainder of title BEACH RIDE
246 ## - VARYING FORM OF TITLE
Title proper/short title THE SADDLE CLUB
Remainder of title BEACH RIDE
260 ## - PUBLICATION, DISTRIBUTION, ETC. (IMPRINT)
Place of publication USA
Name of publisher BANTAM BOOKS
Year of publication 1993
300 ## - PHYSICAL DESCRIPTION
Number of Pages 136
520 ## - SUMMARY, ETC.
Summary, etc SHORT STORY
650 ## - SUBJECT ADDED ENTRY--TOPICAL TERM
Topical Term SHORT STORY
942 ## - ADDED ENTRY ELEMENTS (KOHA)
Koha item type Books
Holdings
Withdrawn status Lost status Collection code Home library Current library Shelving location Date acquired Source of acquisition Cost, normal purchase price Full call number Accession Number Koha item type
    Fiction Main Library Main Library SHELF 4-B ANIMAL ARK 08/11/2013 Purchase 258.00 823 BRY/S 07543 Books